000 00662nam a2200253Ia 4500
003 OSt
005 20221005081308.0
006 a|||||r|||| 00| 0
007 ta
008 221004b |||||||| |||| 00| 0 urd d
020 _c5
024 _a8623
037 _cTextual
040 _aCRL
_cCRL
_burd
041 _2urd
_aurd
082 _aO168,3NARx, K3
100 _aAdil Rasheed Au.
_9610945
245 0 _aSehre ke phool
260 _aNew Delhi
_bPunjabi Pustak Bhandar India
_c1963
300 _a300p.
_ccm.
650 _aURDU FICTION
_93298
942 _hO168,3NARx, K3
_cTEXL
_2cc
999 _c987483
_d987483